| 000 | 00654nam a2200229Ia 4500 | ||
|---|---|---|---|
| 008 | 161112s9999 xx 000 0 und d | ||
| 020 | _a0-471-68294-2 | ||
| 050 | _aCUL TX 715 | ||
| 050 | _b.N46 2007 | ||
| 100 | _aNenes, Michael F. | ||
| 245 | 0 | _aAmerican regional cuisine / | |
| 245 | 0 | _cMichael F. Nenes, the Art Institutes; photography by Joe Robbins. | |
| 250 | _a2nd Edition | ||
| 260 | _aCanada : | ||
| 260 | _bJohn Wiley & Sons Inc., | ||
| 260 | _c2007 | ||
| 300 | _a564 pages : | ||
| 300 | _bcolor illustrations ; | ||
| 300 | _c24 cm. | ||
| 500 | _aIncludes bibliographical references and index. | ||
| 650 | _aCookery, American | ||
| 999 |
_c305202 _d305202 |
||